Trendy v správe daní a podnikateľská sféra na Slovensku

Efektívne fungujúci daňový systém je tiež založený na správnom zdanení, na vzťahu medzi daňových poplatníkov a daňových úradníkov, daňových úradov a s daňovou správou. Zameranie sa výlučne na podnikateľov a skúmanie, ako vnímajú daň, a čo považujú za negatívne alebo pozitívne v tejto oblasti.

Enregistré dans:
Détails bibliographiques
Auteur principal: Ďurinová, Ivona, 1964-
Format: Chapitre de livre
Langue:slovaque
Sujets:
Tags: Ajouter un tag
Pas de tags, Soyez le premier à ajouter un tag!

MARC

LEADER 00000naa$a2200000$$$4500
001 0249984
005 20240502074013.0
041 0 |a slo 
044 |a SK 
245 1 0 |a Trendy v správe daní a podnikateľská sféra na Slovensku  |c Ivona Ďurinová 
520 |a Efektívne fungujúci daňový systém je tiež založený na správnom zdanení, na vzťahu medzi daňových poplatníkov a daňových úradníkov, daňových úradov a s daňovou správou. Zameranie sa výlučne na podnikateľov a skúmanie, ako vnímajú daň, a čo považujú za negatívne alebo pozitívne v tejto oblasti. 
610 2 0 |a prostredie podnikateľské 
610 2 0 |a podnikatelia 
610 2 0 |a dane 
610 2 0 |a správa daňová 
610 2 0 |a úrady daňové 
610 2 0 |a daňovníci 
100 1 |a Ďurinová, Ivona, 1964-